<?xml version="1.0" encoding="UTF-8"?>
<record
    xmlns:xsi="http://www.w3.org/2001/XMLSchema-instance"
    xsi:schemaLocation="http://www.loc.gov/MARC21/slim http://www.loc.gov/standards/marcxml/schema/MARC21slim.xsd"
    xmlns="http://www.loc.gov/MARC21/slim">

  <leader>01102pam a2200313 a 4500</leader>
  <controlfield tag="003">OSt</controlfield>
  <controlfield tag="005">20180829180554.0</controlfield>
  <controlfield tag="008">990413s2018    nyua     b    001 0 eng  </controlfield>
  <datafield tag="020" ind1=" " ind2=" ">
    <subfield code="a">9781119055334</subfield>
  </datafield>
  <datafield tag="040" ind1=" " ind2=" ">
    <subfield code="a">DLC</subfield>
    <subfield code="c">DLC</subfield>
    <subfield code="d">DLC</subfield>
    <subfield code="d">OrLoB</subfield>
    <subfield code="b">eng</subfield>
  </datafield>
  <datafield tag="042" ind1=" " ind2=" ">
    <subfield code="a">pcc</subfield>
  </datafield>
  <datafield tag="050" ind1="0" ind2="0">
    <subfield code="a">QP33.6.M36</subfield>
    <subfield code="b">K48 2000</subfield>
  </datafield>
  <datafield tag="082" ind1="0" ind2="0">
    <subfield code="a">571.7015118</subfield>
    <subfield code="2">21</subfield>
    <subfield code="b">KMP</subfield>
  </datafield>
  <datafield tag="100" ind1="1" ind2=" ">
    <subfield code="a">Khoo, Michael C. K.</subfield>
    <subfield code="9">64538</subfield>
  </datafield>
  <datafield tag="245" ind1="1" ind2="0">
    <subfield code="a">Physiological control systems :</subfield>
    <subfield code="b">analysis, simulation, and estimation /</subfield>
    <subfield code="c">Michael C.K. Khoo.</subfield>
  </datafield>
  <datafield tag="260" ind1=" " ind2=" ">
    <subfield code="a">New York :</subfield>
    <subfield code="b">IEEE Press,</subfield>
    <subfield code="c">c2018.</subfield>
  </datafield>
  <datafield tag="300" ind1=" " ind2=" ">
    <subfield code="a">xvii, 429 p. :</subfield>
    <subfield code="b">ill. ;</subfield>
    <subfield code="c">27 cm.</subfield>
  </datafield>
  <datafield tag="490" ind1="1" ind2=" ">
    <subfield code="a">IEEE Press series on biomedical engineering.</subfield>
  </datafield>
  <datafield tag="500" ind1=" " ind2=" ">
    <subfield code="a">"IEEE Engineering in Medicine and Biology Society, sponsor."</subfield>
  </datafield>
  <datafield tag="504" ind1=" " ind2=" ">
    <subfield code="a">Includes bibliographical references and index.</subfield>
  </datafield>
  <datafield tag="650" ind1=" " ind2="0">
    <subfield code="a">Physiology</subfield>
    <subfield code="x">Mathematical models.</subfield>
    <subfield code="9">41885</subfield>
  </datafield>
  <datafield tag="650" ind1=" " ind2="0">
    <subfield code="a">Biological control systems</subfield>
    <subfield code="x">Mathematical models.</subfield>
    <subfield code="9">64539</subfield>
  </datafield>
  <datafield tag="710" ind1="2" ind2=" ">
    <subfield code="a">IEEE Engineering in Medicine and Biology Society.</subfield>
    <subfield code="9">64540</subfield>
  </datafield>
  <datafield tag="942" ind1=" " ind2=" ">
    <subfield code="c">BOOK</subfield>
  </datafield>
  <datafield tag="908" ind1="0" ind2="0">
    <subfield code="a">QP33.6.M36</subfield>
  </datafield>
  <datafield tag="981" ind1=" " ind2=" ">
    <subfield code="a">BNA</subfield>
    <subfield code="b">SNG  </subfield>
    <subfield code="c">S</subfield>
  </datafield>
  <datafield tag="999" ind1=" " ind2=" ">
    <subfield code="c">42678</subfield>
    <subfield code="d">312298</subfield>
  </datafield>
  <datafield tag="952" ind1=" " ind2=" ">
    <subfield code="1">0</subfield>
    <subfield code="2">2018-08-29</subfield>
    <subfield code="4">0</subfield>
    <subfield code="7">0</subfield>
    <subfield code="a">571.7015118 KMP</subfield>
    <subfield code="d">2018-08-29</subfield>
    <subfield code="h">CL</subfield>
    <subfield code="i">00657514</subfield>
    <subfield code="m">CL</subfield>
    <subfield code="r">2018-08-29 00:00:00</subfield>
    <subfield code="t">BOOK</subfield>
    <subfield code="w">ddc</subfield>
    <subfield code="y">0</subfield>
  </datafield>
  <datafield tag="952" ind1=" " ind2=" ">
    <subfield code="1">0</subfield>
    <subfield code="2">2018-08-29</subfield>
    <subfield code="4">0</subfield>
    <subfield code="7">0</subfield>
    <subfield code="a">571.7015118 KMP</subfield>
    <subfield code="d">2018-08-29</subfield>
    <subfield code="h">CL</subfield>
    <subfield code="i">00657515</subfield>
    <subfield code="m">CL</subfield>
    <subfield code="r">2018-08-29 00:00:00</subfield>
    <subfield code="t">BOOK</subfield>
    <subfield code="w">ddc</subfield>
    <subfield code="y">0</subfield>
  </datafield>
  <datafield tag="952" ind1=" " ind2=" ">
    <subfield code="1">0</subfield>
    <subfield code="2">2018-08-29</subfield>
    <subfield code="4">0</subfield>
    <subfield code="7">0</subfield>
    <subfield code="a">571.7015118 KMP</subfield>
    <subfield code="d">2018-08-29</subfield>
    <subfield code="h">CL</subfield>
    <subfield code="i">00657516</subfield>
    <subfield code="m">CL</subfield>
    <subfield code="r">2018-08-29 00:00:00</subfield>
    <subfield code="t">BOOK</subfield>
    <subfield code="w">ddc</subfield>
    <subfield code="y">0</subfield>
  </datafield>
  <datafield tag="952" ind1=" " ind2=" ">
    <subfield code="1">0</subfield>
    <subfield code="2">2018-09-04</subfield>
    <subfield code="4">0</subfield>
    <subfield code="7">0</subfield>
    <subfield code="a">571.7015118 KMP</subfield>
    <subfield code="d">2018-09-04</subfield>
    <subfield code="h">AMF</subfield>
    <subfield code="i">00657743</subfield>
    <subfield code="m">AMF</subfield>
    <subfield code="r">2018-09-04 00:00:00</subfield>
    <subfield code="t">BOOK</subfield>
    <subfield code="w">ddc</subfield>
    <subfield code="y">0</subfield>
  </datafield>
  <datafield tag="952" ind1=" " ind2=" ">
    <subfield code="1">0</subfield>
    <subfield code="2">2018-09-04</subfield>
    <subfield code="4">0</subfield>
    <subfield code="7">0</subfield>
    <subfield code="a">571.7015118 KMP</subfield>
    <subfield code="d">2018-09-04</subfield>
    <subfield code="h">AMF</subfield>
    <subfield code="i">00657744</subfield>
    <subfield code="m">AMF</subfield>
    <subfield code="r">2018-09-04 00:00:00</subfield>
    <subfield code="t">BOOK</subfield>
    <subfield code="w">ddc</subfield>
    <subfield code="y">0</subfield>
  </datafield>
</record>
